Administración total del mejoramiento continuo (Registro nro. 2713)

Detalles MARC
000 -LEADER
fixed length control field 01954 a2200229 4500
001 - CONTROL NUMBER
control field 37226
005 - DATE AND TIME OF LATEST TRANSACTION
control field 20260407155641.0
008 - FIXED-LENGTH DATA ELEMENTS--GENERAL INFORMATION
fixed length control field 260407a1997 arg spa d
003 - CONTROL NUMBER IDENTIFIER
control field AR-UNSa-BCEJYS
040 ## - CATALOGING SOURCE
Original cataloging agency AR-UNSa-BCEJYS
Language of cataloging spa
Transcribing agency AR-UNSa-BCEJYS
080 ## - UNIVERSAL DECIMAL CLASSIFICATION NUMBER
Universal Decimal Classification number 658.56
Common auxiliary subdivision Control de la calidad. Control de herramientas y material
020 ## - INTERNATIONAL STANDARD BOOK NUMBER
International Standard Book Number 958-600-562-3
100 1# - MAIN ENTRY--PERSONAL NAME
Personal name Harrington, H. James
245 10 - TITLE STATEMENT
Title Administración total del mejoramiento continuo
Name of part/section of a work la nueva generación
264 #1 - PRODUCTION, PUBLICATION, DISTRIBUTION, MANUFACTURE, AND COPYRIGHT NOTICE
Place of production, publication, distribution, manufacture Bogotá :
Name of producer, publisher, distributor, manufacturer McGraw-Hill
Date of production, publication, distribution, manufacture, or copyright notice 1997
300 ## - PHYSICAL DESCRIPTION
Extent 506 p.
Dimensions 24 cm.
505 ## - FORMATTED CONTENTS NOTE
Formatted contents note 1. Liderazgo de alta gerencia: el personal que necesita cambiar primero - 2. Proceso de planeación de negocios: alineación de la organización con su personal - . Planes de cambio ambiental. mejores prácticas para la planeación e implementación del mejoramiento - 4. Enfoque en el cliente externo: mejores prácticas para establecer excelentes relaciones con el cliente - 5. Sistemas de administración de calidad: ISO 9000 y otros - 6. Gerencia participativa: la gerencia debe dar el ejemplo - 7. Conformación de equipos: generar sinergia a la organización - 8. Excelencia individual: más allá de los equipos - 9. Relaciones con el proveedor: desarrollo un proceso de administración de suministros - 10. Cambio radical de procesos: comienzo a pasos agigantados - 11. Excelencia del proceso de productos:El aspecto de la producción en todas las organizaciones - 12. Excelencia en el proceso de servicios: cómo atender mejor a los clientes - 13. El proceso de mediación: la tarjeta de resultados balanceada - 14. Estructura organizacional: la reestructuración de la organización para el siglo XXI - 15. Retribuciones y reconocimiento: remuneración del comportamietno deseado.
590 ## - LOCAL NOTE (RLIN)
Local note niveau_biblio:m niveau_hierar:0
700 1# - ADDED ENTRY--PERSONAL NAME
Personal name Cano, Leonardo
856 41 - ELECTRONIC LOCATION AND ACCESS
Uniform Resource Identifier <a href="https://biblioeco.unsa.edu.ar/pmb/images/libros/L85420.jpg">https://biblioeco.unsa.edu.ar/pmb/images/libros/L85420.jpg</a>
Link text Imagen de portada
Electronic format type image/jpeg
942 ## - ADDED ENTRY ELEMENTS (KOHA)
Koha item type
Existencias
Withdrawn status Lost status Damaged status Not for loan Home library Current library Shelving location Date acquired Total checkouts Full call number Barcode Date last seen Price effective from Koha item type Public note Total renewals Date due Date last checked out
        Biblioteca Prof. Eusebio Cleto del Rey Biblioteca Prof. Eusebio Cleto del Rey   07/04/2026   658.56 H297 L85420 07/04/2026 07/04/2026 Libro CANTO SUPERIOR UN POCO DOBLADO - CANTO INFERIOR MANCHADO      
        Biblioteca Prof. Eusebio Cleto del Rey Biblioteca Prof. Eusebio Cleto del Rey   07/04/2026 3 658.56 H297 L85419 07/05/2026 07/04/2026 Libro CANTO UN POCO SUCIO 1 04/06/2026 07/05/2026